Foundations of materials science and engineering

שמור ב:
מידע ביבליוגרפי
מחבר ראשי:  Smith, William F
פורמט: Sách
שפה:Undetermined
יצא לאור:  McGraw-Hill Higher Education  2006
נושאים:
תגים: הוספת תג
אין תגיות, היה/י הראשונ/ה לתייג את הרשומה!
Thư viện lưu trữ: Trung tâm Thư viện - Trường Đại học Công nghiệp TP. Hồ Chí Minh
LEADER 00536nam a2200157Ia 4500
001 UIH_05601
008 231011s9999 xx 000 0 und d
082 |a  620.11 
100 |a  Smith, William F 
245 0 |a  Foundations of materials science and engineering 
245 0 |c  Smith, William F 
260 |b  McGraw-Hill Higher Education 
260 |c  2006 
650 |a  Khoa học vật liệu; Materials science;  
927 |a Sách 
980 |a Trung tâm Thư viện - Trường Đại học Công nghiệp TP. Hồ Chí Minh